[Event "Niteroi op 2nd"]
[Site "Niteroi"]
[Date "2022.09.01"]
[Round "1"]
[White "Dias, Simao Poscidonio"]
[Black "Stumpf, Luis Felipe T Cale"]
[Result "0-1"]
[WhiteElo "2060"]
[BlackElo "1536"]
[PlyCount "58"]
[EventDate "2022.09.01"]
[EventType "swiss"]
[EventRounds "9"]
[EventCountry "BRA"]
[SourceTitle "CBM 210 Extra"]
[Source "ChessBase"]
[SourceDate "2022.11.30"]
[SourceVersion "1"]
[SourceVersionDate "2022.11.30"]
[SourceQuality "1"]

1. e4 c5 2. Nf3 g6 3. d4 cxd4 4. Qxd4 Nf6 5. Bb5 Nc6 6. Bxc6 bxc6 7. e5 Nd5 8. e6 f6 9. exd7+ Bxd7 10. 0-0 Bg7 11. c4 Nb6 12. Nc3 e5 13. Qh4 0-0 14. Rd1 Qe7 15. Be3 Be6 16. Nxe5 g5 17. Nxc6 Qe8 18. Qe4 f5 19. Qc2 Qxc6 20. c5 f4 21. Rd6 Qc8 22. cxb6 fxe3 23. b7 exf2+ 24. Qxf2 Qxb7 25. Qd2 Qf7 26. Ne4 Bc4 27. h3 h6 28. Rc1 Be5 29. Rxc4 Qf1# 0-1

[Event "Paulista-ch"]
[Site "Sao Paulo"]
[Date "2018.11.09"]
[Round "2"]
[White "Stumpf, Luis Felipe T Cale"]
[Black "Aquino, Arthur"]
[Result "0-1"]
[WhiteElo "1515"]
[BlackElo "1920"]
[PlyCount "70"]
[EventDate "2018.11.09"]
[EventType "swiss"]
[EventRounds "6"]
[EventCountry "BRA"]
[SourceTitle "CBM 187 Extra"]
[Source "ChessBase"]
[SourceDate "2018.11.04"]
[SourceVersion "1"]
[SourceVersionDate "2018.11.04"]
[SourceQuality "1"]

1. e4 c5 2. c3 e6 3. d4 d5 4. Qa4+ Bd7 5. Bb5 dxe4 6. f3 cxd4 7. Bxd7+ Qxd7 8. Qxd4 Qxd4 9. cxd4 Nc6 10. Be3 Nf6 11. Nc3 Rd8 12. 0-0-0 Nd5 13. Nxd5 exd5 14. fxe4 dxe4 15. Ne2 Nb4 16. Nc3 Nd5 17. Rhe1 f5 18. Bg5 Be7 19. Bxe7 Kxe7 20. Nxd5+ Rxd5 21. g4 Rc8+ 22. Kb1 Rc4 23. gxf5 Rdxd4 24. Rxd4 Rxd4 25. Rg1 Kf6 26. Kc2 e3 27. Re1 Re4 28. Kd3 Re7 29. Rxe3 Rxe3+ 30. Kxe3 Kxf5 31. Kf3 g5 32. h3 h5 33. b4 g4+ 34. hxg4+ hxg4+ 35. Kg3 b5 0-1